[Event "Stay Safe Play From Home 280"]
[Site "Emanuel Lasker Arena"]
[Date "2020.07.06"]
[Round "3"]
[White "Haris kollari 13"]
[Black "Robk"]
[Result "1-0"]
[WhiteElo "1800"]
[BlackElo "1593"]
[Annotator "NA"]
[PlyCount "39"]
[EventDate "2020.07.06"]
[EventType "swiss (blitz)"]

1. e4 {[%emt 0:00:01]} c5 {[%emt 0:00:02]} 2. f4 {[%emt 0:00:01]} e6 {[%emt 0:00:01]} 3. Nf3 {[%emt 0:00:01]} Nc6 {[%emt 0:00:01]} 4. c3 {[%emt 0:00:01]} d5 {[%emt 0:00:02]} 5. e5 {[%emt 0:00:01]} Nge7 {[%emt 0:00:03]} 6. d4 {[%emt 0:00:01]} cxd4 {[%emt 0:00:02]} 7. cxd4 {[%emt 0:00:01]} Nf5 {[%emt 0:00:01]} 8. g4 {[%emt 0:00:01]} Nh4 {[%emt 0:00:03]} 9. Be3 {[%emt 0:00:01]} Nxf3+ {[%emt 0:00:02]} 10. Qxf3 {[%emt 0:00:01]} Be7 {[%emt 0:00:03]} 11. Nc3 {[%emt 0:00:02]} O-O {[%emt 0:00:01]} 12. O-O-O {[%emt 0:00:03]} Bd7 {[%emt 0:00:03]} 13. h4 {[%emt 0:00:01]} a6 {[%emt 0:00:02]} 14. f5 {[%emt 0:00:03]} exf5 {[%emt 0:00:02]} 15. gxf5 {[%emt 0:00:01]} Bxh4 {[%emt 0:00:08]} 16. Bd3 {[%emt 0:00:03]} Bg5 {[%emt 0:00:03]} 17. Rdg1 {[%emt 0:00:03]} Bxe3+ {[%emt 0:00:02]} 18. Qxe3 {[%emt 0:00:01]} g6 {[%emt 0:00:03]} 19. f6 {[%emt 0:00:02]} Nb4 {[%emt 0:00:11]} 20. Bb1 {[%emt 0:00:05] Time (Lag: Av=0.53s, max=0.8s)} 1-0

[Event "Stay Safe Play From Home 280"]
[Site "Emanuel Lasker Arena"]
[Date "2020.07.06"]
[Round "3"]
[White "Klasman"]
[Black "NeatFox"]
[Result "0-1"]
[WhiteElo "1367"]
[BlackElo "1910"]
[Annotator "TA"]
[PlyCount "54"]
[EventDate "2020.07.06"]
[EventType "swiss (blitz)"]

{[%evp 9,54,-15,39,42,42,52,50,43,60,60,70,68,517,67,120,-147,119,109,161,172,210,196,464,222,743,779,2903,2883,29996,29992,29993,1081,955,876,838,578,612,539,502,287,311,314,289,264,250,240,241]} 1. f4 c6 2. e4 d5 3. e5 e6 4. Nf3 c5 5. b4 Nc6 ({Black should try} 5... cxb4 $11 6. d4 Nc6) 6. bxc5 $14 Bxc5 7. d4 Bb6 8. Ba3 {White is slightly better.} Nge7 9. c3 O-O 10. Bd3 Re8 $2 {[%mdl 8192] [#]} (10... h6 $14) 11. O-O $2 (11. Bxh7+ $1 $18 {[%mdl 512]} Kf8 (11... Kxh7 12. Ng5+) 12. Ng5) 11... Nf5 (11... h6 $1 $14) 12. Qe2 $2 {[%mdl 8192] [#]} (12. Kh1 $16) 12... g6 $2 {[%mdl 8192]} (12... Ncxd4 $1 $17 {[%mdl 512] and life is bright.} 13. cxd4 Nxd4 14. Bxh7+ {[%mdl 64] Decoy} Kxh7 15. Qd3+ {[%mdl 64] Double Attack} Nf5+ 16. Kh1 g6) 13. Nbd2 {Black is now going downhill.} f6 (13... Ncxd4 $16 14. Nxd4 (14. cxd4 Nxd4 15. Nxd4 Bxd4+ 16. Kh1 Bxa1 $16) 14... Nxd4 15. cxd4 Bxd4+ 16. Kh1 Bxa1) 14. g4 Nh6 15. exf6 $1 Nxg4 $2 {[#]} (15... Nf7 {was worth a try.} 16. g5 e5) 16. Ne5 (16. f7+ $142 $1 {[%mdl 512]} Kxf7 17. Ng5+ {[%mdl 64] Double Attack, Discovered Attack} Kg8 18. Qxg4) 16... Ncxe5 $2 (16... Nxf6 17. Kh1 Nxe5 18. fxe5 Ne4 19. Bxe4 (19. Nxe4 dxe4 20. Bxe4 Bd7 $18) 19... dxe4 20. Nxe4 Bd7) 17. fxe5 $18 Qc7 18. Qxg4 {Intending Bxg6! and mate.} Qxe5 19. Rae1 Qc7 {[#]} 20. Be7 (20. Bxg6 $142 $1 Kh8 (20... hxg6 21. Qxg6+) 21. f7 Qxh2+ 22. Kxh2 Rf8 23. Bxf8 Bd7 {[#]} 24. Qh4 $1 {[%mdl 512]} Bc7+ 25. Kh1 Rxf8 26. Qxh7#) 20... Rxe7 21. fxe7 Qxe7 22. Qf4 Bd7 23. Qh6 Rf8 24. Bxg6 Rxf1+ 25. Rxf1 {White wants to mate with Rf8+!} ({Less strong is} 25. Kxf1 Qf6+ 26. Ke2 hxg6 $16) 25... hxg6 26. Qxg6+ Qg7 27. Qxg7+ Kxg7 {[%mdl 32768] Accuracy: White = 47%, Black = 22%. . Sensor Board Error (Ke4/e5)?} 0-1

[Event "Stay Safe Play From Home 280"]
[Site "Emanuel Lasker Arena"]
[Date "2020.07.06"]
[Round "4"]
[White "AChessPlayer"]
[Black "Mepe_Nika"]
[Result "0-1"]
[WhiteElo "2456"]
[BlackElo "2401"]
[Annotator "TA"]
[PlyCount "138"]
[EventDate "2020.07.06"]
[EventType "swiss (blitz)"]

{[%evp 16,138,26,20,55,12,37,-15,34,-20,38,-36,23,-10,-12,-14,0,0,52,25,25,25,25,19,27,0,31,0,7,1,4,-31,0,0,9,-61,201,158,340,64,123,63,59,-172,-161,-172,-126,-176,-112,-129,-93,-170,-96,-549,-546,-735,-734,-1244,-1204,-1204,-1054,-1362,-730,-719,-700,-710,-700,-12837,-216,-6137,60,0,0,0,0,0,0,-183,-64,-228,-218,-242,-239,-769,-748,-679,-637,-967,-979,-1036,-861,-1037,-992,-12839,-764,-1028,-646,-7537,-7649,-29987,-29988,-29988,-29988,-29988,-29988,-29988,-6724,-29993,-29987,-29992,-29985,-29985,-12841,-12845,0,-12843,-12843,-29991,-29992,-29992,-29992,-29992,-29992,-29992,-29993]} 1. Nf3 d5 2. g3 c6 3. Bg2 g6 4. O-O Bg7 5. d3 e5 6. Nbd2 Ne7 7. e4 O-O 8. Re1 Qc7 9. c3 h6 {B10: Caro-Kann: 2 d3 and 2 c4.} 10. Qc2 Be6 11. a4 (11. d4 $14) 11... Nd7 {[#] The position is equal.} 12. a5 $146 (12. d4 $14) ({Predecessor:} 12. b3 Rfe8 13. Bb2 Rad8 14. Rac1 Nc5 15. Nxe5 dxe4 16. d4 Bf5 17. Nxe4 Bxe5 18. dxc5 Nd5 19. c4 Nb4 20. Bxe5 Qxe5 21. Qc3 Qxc3 22. Nxc3 Nd3 23. Rxe8+ Rxe8 24. Rd1 {0-1 (24) Nunez,O (1793)-Voskanyan,V (2263) Montreal 2011}) 12... b6 (12... dxe4 $11 13. dxe4 c5) 13. a6 (13. d4 $14) 13... Nc5 (13... Rae8 $15) 14. b4 Nd7 15. Bb2 Rac8 16. d4 Kh7 (16... dxe4 $11 17. Nxe5 f5) 17. dxe5 Nxe5 18. Nxe5 Bxe5 19. f4 Bg7 20. e5 h5 21. c4 dxc4 22. Nxc4 Nf5 (22... c5 $5 {[%cal Rc5b4]} 23. Nd6 (23. b5 Nf5 $11) 23... cxb4 $14) 23. Rad1 Rfd8 {Hoping for ...Rxd1.} 24. Be4 Bf8 25. Qc3 (25. Bxf5 $11 Bxf5 26. Qc3 Rxd1 27. Rxd1) 25... Qe7 $2 {[%mdl 8192]} (25... c5 $15 {stays ahead.} 26. Nd6 cxb4 27. Qxc7 Rxc7 28. Nxf7 Bc5+ 29. Kh1 Rxd1 30. Ng5+ {[%mdl 64] Double Attack} Kg8 31. Rxd1 Rd7) 26. Bxf5 Bxf5 $2 {[#]} (26... Rxd1 $16 27. Rxd1 gxf5) 27. Nd6 $2 ({White must play} 27. e6 $1 $18 {[%csl Gb2][%cal Rc3h8][%mdl 512]} Bh6 (27... Bxe6 28. Qh8#) 28. exf7 Rxd1 29. Rxd1) 27... Be6 (27... Bg7 $14) 28. Nxc8 (28. f5 $16 gxf5 29. Bc1 (29. Nxc8 Rxc8 30. Ba3 Qg5 $14)) 28... Rxc8 $14 29. b5 $2 (29. Rd6 $14 {keeps the upper hand.}) 29... cxb5 $19 30. Qf3 Qc7 31. Bd4 Bc5 (31... Bg4 $19 32. Qb3 Bxd1 33. Rxd1 Rd8) 32. Bxc5 bxc5 {[%cal Bb6c5,Bc5c4][%mdl 32]} 33. Rd6 (33. h3 $17 c4 34. g4) 33... c4 {...c3 is the strong threat.} 34. Rc1 $2 {[%mdl 8192]} (34. h3 $17 {nothing else works.}) 34... b4 35. g4 Bxg4 36. Qb7 Qc5+ 37. Kg2 Rc7 38. Qd5 Qxd5+ 39. Rxd5 {[%mdl 4096] Endgame KRR-KRB} b3 40. Rb5 Be6 41. Rxb3 Bd5+ $2 (41... cxb3 42. Rb1 Rc2+ 43. Kg3 b2) 42. Kf2 $2 (42. Rf3) 42... Rc6 $2 (42... cxb3 $19 43. Rg1 b2) 43. Rbc3 ({White should play} 43. Ra3 $14) 43... Rxa6 $11 44. Ke3 Be6 45. Kd4 Ra2 46. h4 $2 {Black continues to play with concentration.} (46. R1c2 $11 {and White is okay.} Ra5 47. Rf3) 46... Rd2+ (46... Rh2 $19 47. Rg3 Rxh4) 47. Kc5 $2 {[#]} ({Better is} 47. Ke3 $1 $15 Rh2 48. Ra1) 47... Rh2 $1 $19 48. Kd6 Rxh4 49. Ke7 $2 (49. Rf1) 49... Rxf4 50. Rb1 Rf5 51. Rb8 Rxe5 52. Rf8 Rf5 53. Kd6 Kg7 54. Re3 Rf6 55. Ke7 Bf5 {And now ...Re6+ would win.} 56. Rd8 Re6+ 57. Kd7 Rxe3+ {KRB-KR} 58. Kc7 Rd3 59. Re8 Rd7+ 60. Kc6 Re7 (60... c3 $142 61. Re3 c2 62. Rc3 Rd1 63. Kc5 h4 64. Kb4 c1=Q 65. Rxc1 Rxc1 66. Kb5 h3 67. Ka5 h2 68. Kb4 h1=Q 69. Kb3 Qd5+ 70. Ka4 Rb1 71. Ka3 Qb3#) 61. Rg8+ Kf6 62. Kc5 Re6 63. Kb4 Re5 (63... Rc6 $142 64. Re8 c3 65. Re1 c2 66. Rc1 Rb6+ 67. Kc4 Rb1 68. Rxc2 Bxc2 69. Kc3 Bf5 70. Kc4 h4 71. Kd4 h3 72. Kd5 h2 73. Kd4 h1=Q 74. Ke3 Ke5 75. Kf2 Rb2+ 76. Kg3 Qh3#) 64. Kc3 Re6 $2 ({Black should try} 64... Be6 $19 65. Ra8 Re3+ 66. Kd2 Ra3) 65. Rf8 $2 {[%mdl 8192]} (65. Kb4 $11 h4 66. Rh8) 65... Rd6 66. Rxf7+ Kxf7 {Black mates.} 67. Kb4 Re6 68. Kc3 Re5 69. Kb4 Re4 {Accuracy: White = 15%, Black = 45%.} 0-1

[Event "Stay Safe Play From Home 280"]
[Site "Emanuel Lasker Arena"]
[Date "2020.07.06"]
[Round "4"]
[White "little champs"]
[Black "SoulofWolf"]
[Result "1-0"]
[WhiteElo "2233"]
[BlackElo "2156"]
[Annotator "TA"]
[PlyCount "81"]
[EventDate "2020.07.06"]
[EventType "swiss (blitz)"]

{[%evp 9,81,0,14,0,0,0,0,-4,0,-12,29,14,62,-74,-68,-67,25,0,8,-141,66,0,61,79,182,179,188,160,165,125,210,201,194,152,158,144,162,137,160,138,239,213,312,310,309,304,477,407,392,378,391,390,380,210,480,459,490,481,522,541,942,690,1094,985,2254,608,29989,29978,29977,29978,12825,7320,5735,2234]} 1. d4 c5 2. e3 e6 3. d5 Nf6 4. dxe6 fxe6 5. Nf3 Be7 6. Be2 {A43: Schmid Benoni.} O-O 7. O-O d5 8. b3 {The position is equal.} Nc6 9. Bb2 {[#]} a5 $146 {[%cal Ba7a5,Ba5a4,Ba4a3][%mdl 32]} ({Predecessor:} 9... Qc7 10. h3 e5 11. c4 d4 12. Qc1 e4 13. exd4 exf3 14. Bxf3 Nxd4 15. Bd5+ Nxd5 16. cxd5 Ne2+ 17. Kh1 Nxc1 18. Bxc1 Qe5 {0-1 (18) Jousset,J (1445)-Gautier,M (1500) Gorges 2019}) 10. c4 a4 11. Nc3 (11. bxa4 $14 {stays ahead.} Qa5 12. Nc3) 11... a3 $17 12. Bc1 Nb4 ({Better is} 12... d4 $1 $15 13. exd4 cxd4) 13. Nb5 $11 Bd7 14. Nxa3 (14. Bxa3 $11 {keeps the balance.} Bxb5 15. Bxb4) 14... Kh8 $2 (14... Ne4 $17 {Threatens to win with ...Bf6.} 15. Bb2 Bf6 16. Bxf6 Qxf6) 15. cxd5 (15. Ne5 $14) 15... Nfxd5 (15... exd5 $11 16. Bb2 Qb6) 16. Bb2 $14 Rg8 (16... Bf6 $16 17. Qd2 Bxb2 18. Qxb2 Qf6) 17. Nc4 $18 Bf6 18. a3 Nc6 19. Qd2 $40 {[%mdl 128] White is out for blood.} b5 (19... Be8 $16 {was necessary.}) 20. Nce5 {[%cal Re5f7] [#]} Be8 21. Nxc6 Bxc6 22. Rac1 Qe7 23. Qc2 b4 24. Bxf6 Qxf6 (24... gxf6 $16 25. Qxc5 Qxc5 26. Rxc5 Nc3 27. Rxc6 Nxe2+ 28. Kh1 Rxa3) 25. Qxc5 Rgc8 (25... Nc3 $142 26. Nd4 Be4) 26. axb4 Bb7 27. Qd4 Qf7 (27... Qxd4 {might work better.} 28. Rxc8+ (28. exd4 Nxb4 29. Ng5 Bd5 $18) 28... Rxc8 29. Nxd4 e5) 28. Rc5 Rd8 29. Ne5 Qf6 30. Nc6 Bxc6 31. Rxc6 (31. Qxf6 $142 gxf6 32. Rxc6) 31... Qf7 $2 (31... Qxd4 32. exd4 Nxb4) 32. Rd1 Qe7 33. Qc5 Qf7 34. b5 {[%cal Bb4b5,Bb5b6][%mdl 32]} Rd7 35. b6 Rad8 36. Rc8 {[#] Hoping for b7!} h6 37. Bf3 {b7! is the strong threat.} Nf6 38. Rxd7 Qxd7 39. Rxd8+ Qxd8 40. h3 Nd7 41. Qc7 {Accuracy: White = 62%, Black = 31%.} 1-0

[Event "Stay Safe Play From Home 280"]
[Site "Emanuel Lasker Arena"]
[Date "2020.07.06"]
[Round "4"]
[White "Weltszmerc"]
[Black "Lamborghini"]
[Result "0-1"]
[WhiteElo "2131"]
[BlackElo "2238"]
[Annotator "TA"]
[PlyCount "50"]
[EventDate "2020.07.06"]
[EventType "swiss (blitz)"]

{[%evp 9,49,34,37,14,28,12,10,0,0,-27,-10,-72,-46,-135,-108,-533,-220,-227,-216,-282,-286,-266,-140,-208,-126,-216,-215,-425,-85,-402,-358,-734,-717,-1443,-1382,-29990,-29991,-29996,-29992,-29996,-29997,-29999]} 1. d4 Nf6 2. c4 g6 3. Nc3 Bg7 4. e4 O-O 5. Nge2 d6 6. Be3 {E70: King's Indian: Miscellaneous lines with 4 e4, including 5 Nge2 and 5 Bd3 0-0 6 Nge2.} c5 7. d5 {[#]} Ng4 $146 ({Predecessor:} 7... a6 8. Qd2 Qa5 9. O-O-O b5 10. Nf4 Ng4 11. a3 Bd7 12. Bd3 Nxe3 13. fxe3 Bxc3 14. Qxc3 {½-½ (61) Deobrochinski,V (1137)-Warginowski,L (1341) Sao Bento do Sul 2019}) 8. Bf4 {The position is equal.} e5 9. dxe6 Bxe6 10. b3 (10. Bxd6 $11 {keeps the balance.} Re8 11. h3 (11. Bxc5 Na6 $11)) 10... Ne5 11. Qc2 (11. Bxe5 $15 Bxe5 12. Rc1) 11... Nbc6 $36 {[%mdl 2048] Strongly threatening ...Nb4. Black is really pushing.} 12. f3 $2 {[%mdl 8192]} (12. Qd2 $17) 12... Nd4 (12... Nb4 $142 13. Qd2 Ned3+ 14. Kd1 Nf2+ {[%mdl 64] Double Attack} 15. Kc1 Nxh1) 13. Nxd4 $19 cxd4 14. Nd5 Bxd5 15. exd5 {[#]} Re8 ({Better is} 15... d3 $1 $19 {[%mdl 512]} 16. Qd2 (16. Bxd3 Nxd3+) 16... Nxc4 $1 {[%mdl 512]} 17. bxc4 Re8+ 18. Kf2 Bxa1 19. Bxd3 Be5) 16. O-O-O (16. Bxe5 $17 {was necessary.} Rxe5+ 17. Kf2) 16... a5 {[%cal Ba7a5,Ba5a4][%mdl 32]} 17. Bd3 {[#]} (17. Bxe5 $17 Rxe5 18. Kb1) 17... a4 $1 {[%mdl 512]} 18. b4 $2 {[#]} (18. Bxe5 axb3 19. Qxb3 Rxe5 20. f4) (18. bxa4 Qd7) 18... Rc8 $2 (18... Nxc4 $1 $19 {[%mdl 512] is more deadly.} 19. Bxc4 (19. Qxc4 Rc8) 19... Rc8) 19. Kb1 $2 {[%mdl 8192] [#]} (19. Bxe5 $17 {was the crucial defense.} Rxe5 20. Qxa4) 19... Nxc4 $1 {[%mdl 512]} 20. Bxc4 $2 {[#]} (20. Qxa4 Ra8 21. Qb3) 20... b5 $1 {[%cal Bb7b5,Bb5c4][%mdl 544]} 21. Qd3 (21. Bxb5 Rxc2) 21... bxc4 22. Qc2 d3 {Black mates.} 23. Qxa4 Re2 24. Rd2 Qf6 {[%csl Gg7][%cal Rf6a1]} 25. Rxe2 Qa1# {White got outplayed after the opening. Accuracy: White = 25%, Black = 52%.} 0-1

[Event "Stay Safe Play From Home 280"]
[Site "Emanuel Lasker Arena"]
[Date "2020.07.06"]
[Round "4"]
[White "VotaryRoma"]
[Black "Ironmike"]
[Result "1-0"]
[WhiteElo "2061"]
[BlackElo "1978"]
[Annotator "TA"]
[PlyCount "111"]
[EventDate "2020.07.06"]
[EventType "swiss (blitz)"]
[BlackTeam "SV Horst-Emscher I"]

{[%evp 11,110,21,27,-15,-21,-18,81,25,134,19,29,21,22,22,52,24,50,35,44,52,123,108,117,117,129,121,243,179,195,183,364,358,342,349,353,364,431,250,234,225,388,406,1406,1358,1095,550,6391,6387,6379,460,6235,5597,2427,4010,1814,1702,29987,29987,29987,29988,29988,29989,29989,29990,29990,29990,29991,29992,29992,29986,29990,29991,29993,29993,29993,29994,29994,29991,29994,29991,29994,29990,29993,29990,29998,29992,29994,29993,29995,29993,29994,29995,29998,29996,29996,29997,29997,29998,29998,29999,29999]} 1. Nf3 c6 2. g3 e6 3. Bg2 d5 4. O-O Nf6 5. d4 Bd6 6. c4 Nbd7 7. cxd5 {E01: Catalan: Early deviations.} exd5 8. Nc3 b6 (8... h6 $11) 9. Bg5 ({Better is} 9. Nh4 $16) 9... Bb7 {[#]} (9... h6 $11 {remains equal.} 10. Bf4 Bxf4 11. gxf4 Bb7) 10. e3 $146 ({White should play} 10. e4 $16) ({Predecessor:} 10. e4 dxe4 11. Nxe4 Be7 12. Bxf6 Nxf6 13. Nxf6+ Bxf6 14. Re1+ Kf8 15. Qb3 Qd5 16. Ne5 Qxb3 {1-0 (35) Ngo,N-Nguyen,H Thua Thien Hue 2001}) 10... O-O 11. Rc1 h6 12. Bf4 Bxf4 13. gxf4 Ne4 14. Nxe4 dxe4 15. Ne5 f5 (15... Nxe5 $14 16. fxe5 Qd5) 16. Qb3+ Kh7 17. Nxc6 Bxc6 18. Rxc6 Qh4 {This move loses the game for Black.} (18... Rc8 $16 19. Rfc1 Rxc6 20. Rxc6 Rf6) 19. Rc7 (19. Qe6 Rad8) 19... Nf6 20. h3 $36 {[%mdl 2048] White is in control.} Rac8 $2 (20... Rad8 21. Rxa7 Nd5) 21. Rxc8 $18 (21. Rxa7 Rb8 $18) 21... Rxc8 22. Qe6 $1 {[%csl LRc8,LRf5][%mdl 64] [#] Double Attack} Rc2 23. Qxf5+ Kg8 24. Bxe4 (24. Qe6+ $142 Kf8 25. Qd6+ Kg8 26. Qd8+ Kf7 27. Qb8 (27. Bxe4 Qxh3 28. Bg2 Qc8 $18)) 24... Nxe4 25. Qxe4 Rxb2 $2 {[%mdl 4096] Endgame KQR-KQR} (25... Qxh3 26. b4 (26. Qxc2 Qg4+ 27. Kh1 Qh4+ 28. Kg2 Qg4+ 29. Kh2 Qh4+ 30. Kg2 Qg4+ 31. Kh2 Qh4+ 32. Kg2 $11) 26... Rxa2) 26. Qg2 {aiming for Rc1.} Rxa2 (26... Qd8 $142 27. Rc1 Qd7 28. Qa8+ Kh7) 27. Rc1 Qd8 28. Qg4 Qe7 29. Rc8+ Kh7 30. Qf5+ g6 31. Qd5 {[%csl Gc8][%cal Rd5g8]} Ra1+ 32. Kg2 {[%csl Gc8][%cal Rd5g8]} Qg7 33. Rd8 Qh8 34. Rd7+ {White mates.} Qg7 35. Rxg7+ Kxg7 {KQ-KR} 36. Qe5+ Kf7 37. d5 Ra2 38. Qe6+ Kf8 39. d6 Rd2 40. Qe7+ {[%mdl 64] [#] Double Attack} Kg8 41. d7 b5 42. d8=Q+ Rxd8 43. Qxd8+ Kf7 44. Qc7+ Kf6 45. Qb7 b4 46. Qxa7 b3 47. Qb6+ Kf5 48. Qxb3 h5 49. Qd5+ Kf6 50. e4 Kg7 51. e5 Kh6 52. e6 h4 53. e7 g5 54. e8=Q Kg7 55. Qdf7+ Kh6 56. Qee6# {Accuracy: White = 67%, Black = 36%.} 1-0

[Event "Stay Safe Play From Home 280"]
[Site "Emanuel Lasker Arena"]
[Date "2020.07.06"]
[Round "4"]
[White "Bardellosport"]
[Black "Haris kollari 13"]
[Result "1-0"]
[WhiteElo "2013"]
[BlackElo "1808"]
[Annotator "NA"]
[PlyCount "87"]
[EventDate "2020.07.06"]
[EventType "swiss (blitz)"]

1. c4 {[%emt 0:00:02]} e6 {[%emt 0:00:00]} 2. g3 {[%emt 0:00:00]} c5 {[%emt 0:00:01]} 3. Bg2 {[%emt 0:00:00]} Nc6 {[%emt 0:00:02]} 4. Nc3 {[%emt 0:00:00]} d6 {[%emt 0:00:01]} 5. e4 {[%emt 0:00:01]} e5 {[%emt 0:00:02]} 6. d3 {[%emt 0:00:01]} f6 {[%emt 0:00:01]} 7. Be3 {[%emt 0:00:00]} Be6 {[%emt 0:00:01]} 8. Qd2 {[%emt 0:00:00]} Nge7 {[%emt 0:00:01]} 9. f4 {[%emt 0:00:01]} Nd4 {[%emt 0:00:01]} 10. Bxd4 {[%emt 0:00:01]} exd4 {[%emt 0:00:02]} 11. Nd5 {[%emt 0:00:00]} Bxd5 {[%emt 0:00:02]} 12. cxd5 {[%emt 0:00:00]} Ng6 {[%emt 0:00:02]} 13. Nf3 {[%emt 0:00:01]} Be7 {[%emt 0:00:01]} 14. O-O {[%emt 0:00:01]} O-O {[%emt 0:00:01]} 15. Rae1 {[%emt 0:00:01]} b5 {[%emt 0:00:01]} 16. b3 {[%emt 0:00:01]} a5 {[%emt 0:00:01]} 17. h3 {[%emt 0:00:01]} Qc7 {[%emt 0:00:01]} 18. Qf2 {[%emt 0:00:01]} Rfe8 {[%emt 0:00:01]} 19. g4 {[%emt 0:00:01]} Bf8 {[%emt 0:00:02]} 20. Nh4 {[%emt 0:00:01]} Nxh4 {[%emt 0:00:01]} 21. Qxh4 {[%emt 0:00:00]} c4 {[%emt 0:00:01]} 22. bxc4 {[%emt 0:00:01]} bxc4 {[%emt 0:00:01]} 23. Qf2 {[%emt 0:00:01]} Qc5 {[%emt 0:00:02]} 24. Rd1 {[%emt 0:00:01]} c3 {[%emt 0:00:01]} 25. Rc1 {[%emt 0:00:01]} Rab8 {[%emt 0:00:01]} 26. Rfd1 {[%emt 0:00:01]} Rb2 {[%emt 0:00:02]} 27. Rc2 {[%emt 0:00:02]} Reb8 {[%emt 0:00:02]} 28. Rdc1 {[%emt 0:00:01]} Rb1 {[%emt 0:00:01]} 29. Kh2 {[%emt 0:00:01]} a4 {[%emt 0:00:01]} 30. e5 {[%emt 0:00:01]} fxe5 {[%emt 0:00:02]} 31. fxe5 {[%emt 0:00:00]} dxe5 {[%emt 0:00:01]} 32. Be4 {[%emt 0:00:02]} a3 {[%emt 0:00:01]} 33. Qf3 {[%emt 0:00:02]} Rxc1 {[%emt 0:00:02]} 34. Rxc1 {[%emt 0:00:01]} Rb2+ {[%emt 0:00:01]} 35. Kg3 {[%emt 0:00:01]} Rxa2 {[%emt 0:00:02]} 36. Rf1 {[%emt 0:00:01]} Qe7 {[%emt 0:00:02]} 37. d6 {[%emt 0:00:01]} Qe6 {[%emt 0:00:02]} 38. Bd5 {[%emt 0:00:01]} Kh8 {[%emt 0:00:06]} 39. Bxe6 {[%emt 0:00:02]} Rg2+ {[%emt 0:00:02]} 40. Kxg2 {[%emt 0:00:01]} h6 {[%emt 0:00:00]} 41. Qxf8+ {[%emt 0:00:01]} Kh7 {[%emt 0:00:01]} 42. Bf5+ {[%emt 0:00:00]} g6 {[%emt 0:00:01]} 43. Qf7+ {[%emt 0:00:01]} Kh8 {[%emt 0:00:01]} 44. Qxg6 {[%emt 0:00:02] Time (Lag: Av=0.34s, max=0.5s)} 1-0

[Event "Stay Safe Play From Home 280"]
[Site "Emanuel Lasker Arena"]
[Date "2020.07.06"]
[Round "4"]
[White "NeatFox"]
[Black "Greblha"]
[Result "1-0"]
[WhiteElo "1911"]
[BlackElo "1941"]
[Annotator "TA"]
[PlyCount "117"]
[EventDate "2020.07.06"]
[EventType "swiss (blitz)"]

{[%evp 9,117,-17,-25,-53,-49,-102,-87,-80,-42,-47,-25,-55,-16,-105,-63,-71,-42,-49,-47,-51,-48,-40,-37,-50,-40,-73,-47,-54,-44,-56,-40,-90,10,-10,0,-14,18,22,21,16,62,-71,8,12,49,-191,-119,-131,37,-153,-66,-61,-83,-266,-206,-605,-210,-874,-347,-311,-269,-272,-55,-48,-34,-9,0,-30,0,-654,0,0,217,12,93,76,162,133,177,170,148,96,71,112,250,246,410,125,124,0,5073,4825,5157,2483,5185,1652,1252,-29970,1081,-29979,-29980,-29980,-29981,-29982,-29982,-29984,-29985,-29990,-29984,-29983]} 1. g4 c6 2. Bg2 d5 3. c4 g6 4. cxd5 cxd5 5. Qb3 e6 6. h3 Nc6 7. e3 (7. Nf3 $15) 7... Bg7 8. d4 {Black is better.} Nge7 9. Nc3 O-O 10. Bd2 a6 11. Bf3 (11. Nf3 $11) 11... Na5 12. Qc2 Nc4 13. b3 Nd6 14. Bg2 b5 15. Nf3 Bb7 16. Rc1 Rc8 {Hoping for ...b4.} 17. Qd1 b4 18. Na4 a5 19. Rxc8 Bxc8 20. Qc1 Nb5 (20... Ne4 $17) 21. Nc5 Qb6 22. O-O h6 23. Qc2 g5 24. Bc1 Ng6 25. Nd2 (25. Bb2 $14) 25... Re8 (25... Qc6 $17 {...Bxd4! is the strong threat.} 26. Qd3 Bxd4 $1 {[%mdl 512]} 27. exd4 Nf4) 26. Bb2 $11 Ne7 27. e4 $2 (27. Rc1 $14 {stays ahead.}) 27... dxe4 (27... Nxd4 $19 28. Bxd4 Bxd4) 28. Ndxe4 $17 Nc6 $2 (28... Nxd4 $17 29. Qc4 Rd8) 29. d5 $2 {[#]} (29. Na4 $1 $14 {is the one way to stay ahead.} Ncxd4 30. Qxc8 (30. Nxb6 Nxc2 31. Nf6+ Bxf6 $11) 30... Rxc8 31. Nxb6) 29... exd5 (29... Ncd4 $1 $17 {[%cal Rd4c2]} 30. Bxd4 (30. Qc4 exd5 {[%mdl 64] Discovered Attack} 31. Qxd5 Ne2+ {[%mdl 64] Discovered Attack} 32. Kh1 Bxb2 $17) 30... Nxd4) 30. Bxg7 Kxg7 31. Qb2+ $2 (31. Na4 $17 {is a better defense.} Qc7 32. Ng3) 31... Ne5 32. Ng3 $2 (32. Na4 Qg6 33. Ng3) 32... Nc3 $2 (32... Qxc5 33. Nh5+ Kg6 34. Qb1+ f5) 33. Nf5+ $2 (33. Na4 Qd4 34. Qc2) 33... Kh8 $2 (33... Bxf5 34. Na4 Nxa4 35. bxa4 Bd3) 34. Na4 $19 Qf6 35. Nxc3 {Black must now prevent Na4.} bxc3 $2 (35... Bxf5 $19 36. Na4 (36. gxf5 $2 Nd3 $19) 36... Bd3) 36. Qxc3 $15 Bxf5 (36... Nxg4 $5 {[%cal Rf6c3]} 37. Nd4 Ne5 $15) 37. gxf5 Qxf5 38. Qe3 f6 39. Qa7 $2 {[%mdl 8192]} (39. f4 $11 gxf4 40. Qxf4 Qxf4 41. Rxf4) 39... Qd7 $2 ({Black should try} 39... g4 $19 40. hxg4 Nf3+ 41. Bxf3 Qxf3) 40. Qxa5 $11 Nf7 $2 (40... d4 $11 {and Black has nothing to worry.}) 41. Bxd5 $2 (41. Qxd5 $18 Qc7 42. Qf5) 41... Kg7 (41... Qxh3 $11 42. Qa6 (42. Bxf7 Qg4+ 43. Kh1 Qh4+ 44. Kg2 Qg4+ 45. Kh2 Qh4+ 46. Kg2 Qg4+ 47. Kh2 Qh4+ 48. Kg2 $11) 42... Qg4+ 43. Kh1 Qh3+ 44. Kg1 Qg4+ 45. Kh1 Qh3+ 46. Kg1) 42. Bxf7 Qxf7 $16 {[%mdl 4096] Endgame KQR-KQR} (42... Kxf7 $16 43. Qc3 Re4) 43. Rd1 Re5 44. Qc3 Qe6 45. Rd3 ({Better is} 45. a4) 45... Re1+ 46. Kg2 Qe4+ (46... Qe2 $16 {might work better.} 47. Rd7+ Kg6 48. Qd3+ Qxd3 49. Rxd3 Rb1) 47. Rf3 $18 Rd1 $2 (47... Qe5 48. a4 Qxc3 49. Rxc3 Ra1) 48. Qc7+ $2 (48. Qxf6+ $18 {and the rest is easy.} Kh7 49. a4) 48... Kg6 $16 49. Qc3 ({White should play} 49. Qc8 $16) 49... Qxf3+ $4 {[%mdl 8192]} (49... Kg7 $11) 50. Qxf3 $11 {KQ-KR} Rd6 51. Qe4+ Kf7 52. Qe3 Re6 53. f3 $4 {[%mdl 8192]} (53. Qd4 $18 Ke8 54. b4) 53... f5 $4 {[%mdl 8192]} (53... Rxe3 {and all is fine.} 54. Kf2 Rc3 55. Kg3 f5 56. b4 Ra3 57. h4 g4 58. Kf2 Rxf3+ 59. Ke2 f4 60. b5 Ra3 61. b6 Rxa2+ 62. Kd3 f3 63. Kc4 f2 64. Kb3 {[#]} g3 $1 {[%mdl 512]} 65. Kxa2 f1=Q 66. Kb3 Qb5+ 67. Kc3 g2 68. b7 g1=Q 69. b8=Q Qe3+ 70. Kc2 Qxb8 71. h5 Qbb3#) 54. Kg3 $4 {[%mdl 8192]} (54. Qd3 $18) 54... Rxe3 {Black mates.} 55. Kf2 Re6 56. f4 Kf6 57. fxg5+ hxg5 58. h4 Re4 59. h5 {[%mdl 32768] Accuracy: White = 38%, Black = 23%. . Loss on time!?} 1-0